[Event "LOTTO Polish Championship"]
[Site "chess24.com"]
[Date "2019.05.13"]
[Round "3"]
[White "Gajewski, Grzegorz"]
[Black "Piorun, Kacper"]
[Result "1/2-1/2"]
[Board "1"]
[WhiteElo "2613"]
[WhiteTitle "GM"]
[WhiteCountry "POL"]
[WhiteFideId "1116207"]
[WhiteEloChange "1"]
[BlackElo "2657"]
[BlackTitle "GM"]
[BlackCountry "POL"]
[BlackFideId "1130420"]
[BlackEloChange "-1"]

1. d4 {[%clk 1:30:57]} f5 {[%clk 1:30:53]} 2. Nc3 {[%clk 1:31:12]} Nf6 {[%clk
1:30:56]} 3. Bg5 {[%clk 1:31:37]} d5 {[%clk 1:31:21]} 4. Bxf6 {[%clk 1:32:03]}
exf6 {[%clk 1:31:45]} 5. e3 {[%clk 1:32:25]} Be6 {[%clk 1:28:37]} 6. h4 {[%clk
1:32:30]} h5 {[%clk 1:26:15]} 7. Nh3 {[%clk 1:32:25]} c6 {[%clk 1:18:27]} 8. Bd3
{[%clk 1:28:30]} g6 {[%clk 1:09:29]} 9. Ne2 {[%clk 1:28:49]} Bd6 {[%clk 1:04:19]}
10. b3 {[%clk 1:28:05]} b5 {[%clk 0:55:19]} 11. c3 {[%clk 1:25:11]} Nd7 {[%clk
0:54:20]} 12. a4 {[%clk 1:24:45]} a6 {[%clk 0:52:21]} 13. Qc2 {[%clk 1:25:04]}
Nb6 {[%clk 0:50:58]} 14. a5 {[%clk 1:19:27]} Nc8 {[%clk 0:50:35]} 15. Nef4 {[%clk
1:19:39]} Bf7 {[%clk 0:50:50]} 16. c4 {[%clk 1:19:56]} Ne7 {[%clk 0:50:15]} 17.
O-O {[%clk 1:15:55]} Rg8 {[%clk 0:39:12]} 18. Be2 {[%clk 1:11:34]} Bb8 {[%clk
0:29:53]} 19. cxd5 {[%clk 1:09:46]} cxd5 {[%clk 0:30:14]} 20. Nd3 {[%clk
1:07:48]} Qd6 {[%clk 0:25:15]} 21. g3 {[%clk 1:06:49]} g5 {[%clk 0:25:37]} 22.
hxg5 {[%clk 0:38:42]} fxg5 {[%clk 0:25:53]} 23. Ne5 {[%clk 0:39:08]} Qf6 {[%clk
0:23:55]} 24. Nxf7 {[%clk 0:34:23]} Qxf7 {[%clk 0:24:07]} 25. Qd1 {[%clk
0:34:44]} g4 {[%clk 0:22:45]} 26. Nf4 {[%clk 0:35:01]} h4 {[%clk 0:23:10]} 27.
Rc1 {[%clk 0:32:22]} Rh8 {[%clk 0:17:23]} 28. Kg2 {[%clk 0:31:56]} Bd6 {[%clk
0:14:27]} 29. Rh1 {[%clk 0:30:19]} Qf6 {[%clk 0:14:11]} 30. f3 {[%clk 0:19:10]}
Bxf4 {[%clk 0:10:02]} 31. exf4 {[%clk 0:19:12]} hxg3 {[%clk 0:10:27]} 32. fxg4
{[%clk 0:18:22]} Rxh1 {[%clk 0:10:40]} 33. Qxh1 {[%clk 0:18:49]} Qxd4 {[%clk
0:10:57]} 34. Kxg3 {[%clk 0:14:17]} Qe3+ {[%clk 0:05:03]} 35. Bf3 {[%clk
0:14:46]} fxg4 {[%clk 0:05:16]} 36. Kxg4 {[%clk 0:13:24]} Qe6+ {[%clk 0:01:51]}
37. Kg3 {[%clk 0:13:51]} Nf5+ {[%clk 0:01:28]} 38. Kg2 {[%clk 0:14:18]} Qg6+
{[%clk 0:01:28]} 39. Kf2 {[%clk 0:14:46]} Qg3+ {[%clk 0:00:37]} 40. Ke2 {[%clk
0:40:34]} Kd7 {[%clk 0:30:54]} 41. Qh7+ {[%clk 0:37:19]} Ng7 {[%clk 0:31:16]} 42.
Bxd5 {[%clk 0:27:32]} Re8+ {[%clk 0:27:02]} 43. Be4 {[%clk 0:25:36]} Qg2+ {[%clk
0:20:13]} 44. Kd3 {[%clk 0:23:33]} Qg3+ {[%clk 0:20:08]} 45. Ke2 {[%clk 0:21:35]}
Qg2+ {[%clk 0:20:29]} 46. Kd3 {[%clk 0:21:59]} 1/2-1/2

[Event "LOTTO Polish Championship"]
[Site "chess24.com"]
[Date "2019.05.13"]
[Round "3"]
[White "Gumularz, Szymon"]
[Black "Dragun, Kamil"]
[Result "0-1"]
[Board "2"]
[WhiteElo "2483"]
[WhiteTitle "IM"]
[WhiteCountry "POL"]
[WhiteFideId "1188062"]
[WhiteEloChange "-3"]
[BlackElo "2591"]
[BlackTitle "GM"]
[BlackCountry "POL"]
[BlackFideId "1134167"]
[BlackEloChange "3"]

1. e4 {[%clk 1:30:56]} Nf6 {[%clk 1:30:54]} 2. e5 {[%clk 1:30:40]} Nd5 {[%clk
1:31:15]} 3. d4 {[%clk 1:30:53]} d6 {[%clk 1:31:10]} 4. Nf3 {[%clk 1:29:26]} dxe5
{[%clk 1:31:13]} 5. c4 {[%clk 1:20:25]} Nf6 {[%clk 1:29:04]} 6. Nxe5 {[%clk
1:19:33]} c6 {[%clk 1:28:26]} 7. Nc3 {[%clk 1:19:37]} g6 {[%clk 1:28:06]} 8. Be2
{[%clk 1:18:57]} Bg7 {[%clk 1:28:23]} 9. O-O {[%clk 1:18:43]} O-O {[%clk
1:28:46]} 10. Be3 {[%clk 1:15:18]} Nbd7 {[%clk 1:16:24]} 11. f4 {[%clk 1:05:12]}
Qc7 {[%clk 1:11:10]} 12. Bf3 {[%clk 1:02:19]} Rd8 {[%clk 1:03:05]} 13. Qe2 {[%clk
1:00:10]} Nf8 {[%clk 1:01:22]} 14. Rad1 {[%clk 0:59:38]} N6d7 {[%clk 0:58:00]}
15. Qf2 {[%clk 0:55:12]} f5 {[%clk 0:51:32]} 16. Rfe1 {[%clk 0:47:36]} Nxe5
{[%clk 0:45:53]} 17. dxe5 {[%clk 0:46:42]} Rxd1 {[%clk 0:26:17]} 18. Rxd1 {[%clk
0:46:57]} Be6 {[%clk 0:26:46]} 19. Bxa7 {[%clk 0:30:55]} Nd7 {[%clk 0:27:08]} 20.
Nd5 {[%clk 0:22:37]} Bxd5 {[%clk 0:25:58]} 21. cxd5 {[%clk 0:21:40]} c5 {[%clk
0:26:27]} 22. e6 {[%clk 0:13:41]} Rxa7 {[%clk 0:22:18]} 23. exd7 {[%clk 0:13:52]}
Bd4 {[%clk 0:17:36]} 24. Rxd4 {[%clk 0:12:30]} cxd4 {[%clk 0:18:05]} 25. Qxd4
{[%clk 0:11:59]} Ra8 {[%clk 0:18:25]} 26. h4 {[%clk 0:06:54]} Qxd7 {[%clk
0:15:14]} 27. h5 {[%clk 0:07:06]} Ra4 {[%clk 0:14:27]} 28. b4 {[%clk 0:04:43]}
gxh5 {[%clk 0:13:07]} 29. Qe5 {[%clk 0:04:41]} Ra6 {[%clk 0:09:38]} 30. Bxh5
{[%clk 0:04:20]} Rf6 {[%clk 0:10:05]} 31. Bf3 {[%clk 0:03:50]} Qd6 {[%clk
0:10:25]} 32. Qc3 {[%clk 0:00:33]} Qxf4 {[%clk 0:10:19]} 33. a4 {[%clk 0:00:43]}
b6 {[%clk 0:06:28]} 34. Qc8+ {[%clk 0:00:46]} Kg7 {[%clk 0:06:45]} 35. Qc3 {[%clk
0:01:01]} Kg6 {[%clk 0:06:32]} 36. a5 {[%clk 0:00:57]} bxa5 {[%clk 0:06:54]} 37.
bxa5 {[%clk 0:01:24]} Qd6 {[%clk 0:05:23]} 38. Qc8 {[%clk 0:01:25]} Kg7 {[%clk
0:05:22]} 39. Qc3 {[%clk 0:01:26]} Qd7 {[%clk 0:04:44]} 40. Qc5 {[%clk 0:31:08]}
Qd6 {[%clk 0:33:57]} 41. Qc3 {[%clk 0:31:14]} h6 {[%clk 0:33:42]} 42. Kh1 {[%clk
0:30:30]} Kh7 {[%clk 0:28:59]} 43. Qc8 {[%clk 0:30:07]} Qe5 {[%clk 0:27:55]} 44.
Qd7 {[%clk 0:29:37]} Kg7 {[%clk 0:26:57]} 45. Qb7 {[%clk 0:28:50]} Kf7 {[%clk
0:24:11]} 46. Bh5+ {[%clk 0:26:55]} Kf8 {[%clk 0:24:32]} 47. Qa8+ {[%clk
0:25:16]} Kg7 {[%clk 0:24:56]} 48. Qe8 {[%clk 0:25:25]} f4 {[%clk 0:15:18]} 49.
Kg1 {[%clk 0:22:58]} Qd6 {[%clk 0:10:30]} 50. Bf3 {[%clk 0:22:04]} Rf8 {[%clk
0:09:40]} 51. Qh5 {[%clk 0:22:14]} Qf6 {[%clk 0:07:54]} 52. Qg4+ {[%clk 0:21:30]}
Kh8 {[%clk 0:08:22]} 53. Kh2 {[%clk 0:18:35]} Rg8 {[%clk 0:07:46]} 54. Qd7 {[%clk
0:18:45]} Qh4+ {[%clk 0:07:27]} 55. Kg1 {[%clk 0:19:13]} Qe1+ {[%clk 0:07:52]}
56. Kh2 {[%clk 0:19:38]} Qh4+ {[%clk 0:08:15]} 57. Kg1 {[%clk 0:20:02]} Rb8
{[%clk 0:05:50]} 58. Qf5 {[%clk 0:20:11]} Qe1+ {[%clk 0:06:16]} 59. Kh2 {[%clk
0:20:37]} Qh4+ {[%clk 0:06:45]} 60. Kg1 {[%clk 0:20:47]} Qg5 {[%clk 0:06:12]} 61.
Qe4 {[%clk 0:20:37]} Rc8 {[%clk 0:05:48]} 62. Qd4+ {[%clk 0:18:36]} Kg8 {[%clk
0:06:16]} 63. d6 {[%clk 0:13:37]} Rc1+ {[%clk 0:06:01]} 64. Kf2 {[%clk 0:13:01]}
Qg3+ {[%clk 0:05:34]} 65. Ke2 {[%clk 0:13:27]} Qe1+ {[%clk 0:05:48]} 66. Kd3
{[%clk 0:13:54]} 0-1

[Event "LOTTO Polish Championship"]
[Site "chess24.com"]
[Date "2019.05.13"]
[Round "3"]
[White "Socko, Bartosz"]
[Black "Sadzikowski, Daniel"]
[Result "1-0"]
[Board "3"]
[WhiteElo "2627"]
[WhiteTitle "GM"]
[WhiteCountry "POL"]
[WhiteFideId "1107038"]
[WhiteEloChange "4"]
[BlackElo "2522"]
[BlackTitle "GM"]
[BlackCountry "POL"]
[BlackFideId "1132253"]
[BlackEloChange "-4"]

1. e4 {[%clk 1:30:56]} c5 {[%clk 1:30:48]} 2. Nf3 {[%clk 1:31:18]} Nc6 {[%clk
1:31:04]} 3. Bb5 {[%clk 1:31:20]} g6 {[%clk 1:31:25]} 4. Bxc6 {[%clk 1:31:45]}
dxc6 {[%clk 1:31:49]} 5. d3 {[%clk 1:32:07]} Bg7 {[%clk 1:32:10]} 6. h3 {[%clk
1:32:32]} Nf6 {[%clk 1:31:55]} 7. Nc3 {[%clk 1:32:39]} Nd7 {[%clk 1:32:15]} 8.
Be3 {[%clk 1:33:05]} e5 {[%clk 1:32:38]} 9. Qd2 {[%clk 1:33:30]} h6 {[%clk
1:33:00]} 10. O-O {[%clk 1:33:27]} b6 {[%clk 1:33:12]} 11. Nh2 {[%clk 1:33:07]}
Nf8 {[%clk 1:33:04]} 12. f4 {[%clk 1:33:25]} exf4 {[%clk 1:33:28]} 13. Bxf4
{[%clk 1:33:51]} Ne6 {[%clk 1:33:46]} 14. Bg3 {[%clk 1:33:17]} Qg5 {[%clk
1:34:07]} 15. Qe1 {[%clk 1:20:37]} Nd4 {[%clk 1:33:28]} 16. Bf4 {[%clk 1:19:30]}
Qd8 {[%clk 1:21:25]} 17. Qd2 {[%clk 1:16:52]} g5 {[%clk 1:17:50]} 18. Be3 {[%clk
1:12:01]} a5 {[%clk 1:09:44]} 19. Rae1 {[%clk 1:06:22]} Ra7 {[%clk 1:09:58]} 20.
Kh1 {[%clk 1:02:36]} Be5 {[%clk 1:05:22]} 21. Ne2 {[%clk 0:58:48]} f6 {[%clk
0:58:39]} 22. c3 {[%clk 0:54:02]} Nxe2 {[%clk 0:58:25]} 23. Qxe2 {[%clk 0:54:27]}
O-O {[%clk 0:56:38]} 24. Rd1 {[%clk 0:48:54]} Bb8 {[%clk 0:37:48]} 25. Qh5 {[%clk
0:46:58]} Qd6 {[%clk 0:33:52]} 26. Bg1 {[%clk 0:45:52]} f5 {[%clk 0:28:21]} 27.
d4 {[%clk 0:44:34]} c4 {[%clk 0:28:31]} 28. d5 {[%clk 0:42:50]} Kh7 {[%clk
0:17:02]} 29. Nf3 {[%clk 0:37:49]} Rg7 {[%clk 0:15:17]} 30. e5 {[%clk 0:31:28]}
Qd8 {[%clk 0:15:36]} 31. dxc6 {[%clk 0:30:06]} Qe7 {[%clk 0:15:27]} 32. Bxb6
{[%clk 0:17:09]} g4 {[%clk 0:15:50]} 33. hxg4 {[%clk 0:11:03]} fxg4 {[%clk
0:15:53]} 34. Nh2 {[%clk 0:11:12]} Rxf1+ {[%clk 0:04:13]} 35. Rxf1 {[%clk
0:11:21]} Qxe5 {[%clk 0:04:33]} 36. Qxe5 {[%clk 0:10:24]} Bxe5 {[%clk 0:05:01]}
37. Rf8 {[%clk 0:06:02]} Rg8 {[%clk 0:04:27]} 38. Rxg8 {[%clk 0:06:23]} Kxg8
{[%clk 0:04:55]} 39. Bxa5 {[%clk 0:06:35]} Kf7 {[%clk 0:02:39]} 40. Nf1 {[%clk
0:36:59]} Be6 {[%clk 0:31:55]} 41. Bb6 {[%clk 0:28:12]} Ke7 {[%clk 0:24:44]} 42.
Bf2 {[%clk 0:26:00]} h5 {[%clk 0:23:37]} 43. Bg3 {[%clk 0:24:57]} Bf6 {[%clk
0:22:17]} 44. Bf4 {[%clk 0:24:52]} Bd5 {[%clk 0:21:58]} 45. c7 {[%clk 0:24:55]}
Kd7 {[%clk 0:22:04]} 46. Ng3 {[%clk 0:23:08]} h4 {[%clk 0:18:18]} 47. Nf5 {[%clk
0:23:32]} Bb7 {[%clk 0:18:40]} 48. Ne3 {[%clk 0:16:02]} h3 {[%clk 0:15:33]} 49.
Nxc4 {[%clk 0:15:51]} hxg2+ {[%clk 0:15:01]} 50. Kh2 {[%clk 0:16:06]} Kc8 {[%clk
0:15:26]} 51. Nb6# {[%clk 0:16:31]} 1-0

[Event "LOTTO Polish Championship"]
[Site "chess24.com"]
[Date "2019.05.13"]
[Round "3"]
[White "Bartel, Mateusz"]
[Black "Heberla, Bartlomiej"]
[Result "1-0"]
[Board "4"]
[WhiteElo "2598"]
[WhiteTitle "GM"]
[WhiteCountry "POL"]
[WhiteFideId "1112635"]
[WhiteEloChange "4"]
[BlackElo "2556"]
[BlackTitle "GM"]
[BlackCountry "POL"]
[BlackFideId "1115120"]
[BlackEloChange "-4"]

1. c4 {[%clk 1:30:56]} e5 {[%clk 1:29:49]} 2. Nc3 {[%clk 1:31:21]} Nf6 {[%clk
1:30:07]} 3. Nf3 {[%clk 1:31:45]} Nc6 {[%clk 1:20:05]} 4. e4 {[%clk 1:32:09]} Bb4
{[%clk 1:20:25]} 5. d3 {[%clk 1:32:31]} d6 {[%clk 1:20:45]} 6. a3 {[%clk
1:32:55]} Bc5 {[%clk 1:15:31]} 7. b4 {[%clk 1:33:17]} Bb6 {[%clk 1:15:40]} 8. Na4
{[%clk 1:33:41]} Bg4 {[%clk 1:10:26]} 9. Nxb6 {[%clk 1:34:06]} Bxf3 {[%clk
1:03:38]} 10. Qxf3 {[%clk 1:32:51]} Nd4 {[%clk 1:04:00]} 11. Qd1 {[%clk 1:24:33]}
axb6 {[%clk 1:04:17]} 12. Bb2 {[%clk 1:24:59]} Qd7 {[%clk 0:50:20]} 13. Be2
{[%clk 1:23:52]} b5 {[%clk 0:50:26]} 14. O-O {[%clk 1:12:04]} c5 {[%clk 0:45:57]}
15. f4 {[%clk 1:03:38]} b6 {[%clk 0:25:59]} 16. Bxd4 {[%clk 0:53:07]} cxd4 {[%clk
0:26:27]} 17. fxe5 {[%clk 0:53:19]} dxe5 {[%clk 0:26:55]} 18. Qe1 {[%clk
0:53:28]} O-O {[%clk 0:14:49]} 19. Qg3 {[%clk 0:50:02]} Kh8 {[%clk 0:15:00]} 20.
Qxe5 {[%clk 0:48:43]} bxc4 {[%clk 0:14:57]} 21. dxc4 {[%clk 0:44:42]} Rae8 {[%clk
0:11:04]} 22. Qf5 {[%clk 0:45:04]} Qxf5 {[%clk 0:11:29]} 23. Rxf5 {[%clk
0:45:27]} Nxe4 {[%clk 0:11:56]} 24. Bd3 {[%clk 0:45:13]} Nc3 {[%clk 0:10:35]} 25.
a4 {[%clk 0:43:42]} Re3 {[%clk 0:06:35]} 26. Rf3 {[%clk 0:42:51]} Ra8 {[%clk
0:02:57]} 27. Rxe3 {[%clk 0:40:15]} dxe3 {[%clk 0:03:25]} 28. a5 {[%clk 0:40:37]}
bxa5 {[%clk 0:03:48]} 29. bxa5 {[%clk 0:40:35]} Kg8 {[%clk 0:02:17]} 30. Ra3
{[%clk 0:38:22]} Nd1 {[%clk 0:02:08]} 31. Be2 {[%clk 0:38:29]} Nb2 {[%clk
0:02:21]} 32. Ra2 {[%clk 0:38:13]} Rb8 {[%clk 0:01:34]} 33. a6 {[%clk 0:38:29]}
Na4 {[%clk 0:02:02]} 34. a7 {[%clk 0:38:42]} 1-0

[Event "LOTTO Polish Championship"]
[Site "chess24.com"]
[Date "2019.05.13"]
[Round "3"]
[White "Janik, Igor"]
[Black "Tomczak, Jacek"]
[Result "1/2-1/2"]
[Board "5"]
[WhiteElo "2469"]
[WhiteTitle "IM"]
[WhiteCountry "POL"]
[WhiteFideId "1159259"]
[WhiteEloChange "2"]
[BlackElo "2631"]
[BlackTitle "GM"]
[BlackCountry "POL"]
[BlackFideId "1124668"]
[BlackEloChange "-2"]

1. e4 {[%clk 1:30:58]} c5 {[%clk 1:30:51]} 2. Nf3 {[%clk 1:31:22]} Nc6 {[%clk
1:31:14]} 3. d4 {[%clk 1:30:54]} cxd4 {[%clk 1:31:32]} 4. Nxd4 {[%clk 1:31:17]}
Nf6 {[%clk 1:31:56]} 5. Nc3 {[%clk 1:31:38]} e5 {[%clk 1:32:08]} 6. Ndb5 {[%clk
1:31:58]} d6 {[%clk 1:32:29]} 7. Bg5 {[%clk 1:31:56]} a6 {[%clk 1:32:28]} 8. Na3
{[%clk 1:32:00]} b5 {[%clk 1:32:27]} 9. Nd5 {[%clk 1:31:59]} Be7 {[%clk 1:32:27]}
10. Bxf6 {[%clk 1:31:58]} Bxf6 {[%clk 1:32:27]} 11. c4 {[%clk 1:31:58]} b4 {[%clk
1:32:26]} 12. Nc2 {[%clk 1:31:58]} a5 {[%clk 1:32:25]} 13. g3 {[%clk 1:31:58]}
O-O {[%clk 1:32:30]} 14. h4 {[%clk 1:31:27]} Be6 {[%clk 1:30:31]} 15. Bh3 {[%clk
1:31:26]} Nd4 {[%clk 1:30:30]} 16. Nxd4 {[%clk 1:27:24]} exd4 {[%clk 1:30:30]}
17. Bxe6 {[%clk 1:26:26]} fxe6 {[%clk 1:30:30]} 18. Nf4 {[%clk 1:26:26]} Qb6
{[%clk 1:30:30]} 19. O-O {[%clk 1:23:26]} Rae8 {[%clk 1:29:13]} 20. Qa4 {[%clk
1:10:25]} d3 {[%clk 1:09:15]} 21. Nxd3 {[%clk 1:07:24]} Qd4 {[%clk 1:08:44]} 22.
Rad1 {[%clk 1:04:24]} Qxe4 {[%clk 1:03:45]} 23. Qxa5 {[%clk 0:59:25]} Bxh4 {[%clk
1:01:15]} 24. Qxb4 {[%clk 0:47:25]} Bxg3 {[%clk 1:00:13]} 25. fxg3 {[%clk
0:47:25]} Rxf1+ {[%clk 0:57:43]} 26. Rxf1 {[%clk 0:47:25]} Qxd3 {[%clk 0:57:42]}
27. Kg2 {[%clk 0:43:58]} Qe4+ {[%clk 0:50:09]} 28. Kg1 {[%clk 0:43:58]} Qe3+
{[%clk 0:49:12]} 29. Kg2 {[%clk 0:43:58]} Qe4+ {[%clk 0:49:11]} 30. Kg1 {[%clk
0:43:58]} Qe3+ {[%clk 0:43:42]} 31. Kg2 {[%clk 0:43:58]} 1/2-1/2

[Event "LOTTO Polish Championship"]
[Site "chess24.com"]
[Date "2019.05.14"]
[Round "4"]
[White "Piorun, Kacper"]
[Black "Tomczak, Jacek"]
[Result "1-0"]
[Board "1"]
[WhiteElo "2657"]
[WhiteTitle "GM"]
[WhiteCountry "POL"]
[WhiteFideId "1130420"]
[WhiteEloChange "5"]
[BlackElo "2631"]
[BlackTitle "GM"]
[BlackCountry "POL"]
[BlackFideId "1124668"]
[BlackEloChange "-5"]

1. d4 {[%clk 1:30:54]} d5 {[%clk 1:30:48]} 2. c4 {[%clk 1:30:56]} dxc4 {[%clk
1:31:09]} 3. e4 {[%clk 1:30:57]} Nf6 {[%clk 1:31:33]} 4. e5 {[%clk 1:31:20]} Nd5
{[%clk 1:31:58]} 5. Bxc4 {[%clk 1:31:44]} Bf5 {[%clk 1:32:21]} 6. Ne2 {[%clk
1:24:08]} e6 {[%clk 1:29:59]} 7. O-O {[%clk 1:23:26]} Nb6 {[%clk 1:29:29]} 8. Bb3
{[%clk 1:23:35]} Nc6 {[%clk 1:29:52]} 9. Nbc3 {[%clk 1:20:43]} Qd7 {[%clk
1:30:07]} 10. Be3 {[%clk 1:20:22]} Rd8 {[%clk 1:30:25]} 11. a3 {[%clk 1:16:28]}
Be7 {[%clk 1:30:32]} 12. Qc1 {[%clk 1:16:20]} O-O {[%clk 1:28:06]} 13. Rd1 {[%clk
1:16:38]} Qc8 {[%clk 1:28:07]} 14. Ba2 {[%clk 1:10:13]} Rfe8 {[%clk 1:21:40]} 15.
Ng3 {[%clk 1:00:08]} Bg6 {[%clk 1:17:28]} 16. f4 {[%clk 1:00:22]} Bh4 {[%clk
1:09:38]} 17. Nf1 {[%clk 1:00:14]} Bh5 {[%clk 0:50:41]} 18. Rd2 {[%clk 0:57:45]}
Na5 {[%clk 0:49:33]} 19. b3 {[%clk 0:51:07]} Be7 {[%clk 0:46:22]} 20. Kh1 {[%clk
0:40:50]} Bg6 {[%clk 0:41:46]} 21. Bf2 {[%clk 0:37:30]} Bf8 {[%clk 0:40:25]} 22.
b4 {[%clk 0:32:30]} Nc6 {[%clk 0:24:40]} 23. d5 {[%clk 0:25:11]} exd5 {[%clk
0:23:43]} 24. Nxd5 {[%clk 0:25:22]} Bf5 {[%clk 0:22:58]} 25. Bxb6 {[%clk
0:20:12]} cxb6 {[%clk 0:19:46]} 26. Nfe3 {[%clk 0:19:08]} Be6 {[%clk 0:19:32]}
27. Qf1 {[%clk 0:11:25]} Kh8 {[%clk 0:15:21]} 28. Rc1 {[%clk 0:09:32]} Qb8 {[%clk
0:15:30]} 29. Qe2 {[%clk 0:07:43]} f6 {[%clk 0:12:00]} 30. b5 {[%clk 0:06:25]}
fxe5 {[%clk 0:11:05]} 31. bxc6 {[%clk 0:06:48]} bxc6 {[%clk 0:11:32]} 32. Rxc6
{[%clk 0:05:48]} exf4 {[%clk 0:10:40]} 33. Rxe6 {[%clk 0:05:44]} Rxe6 {[%clk
0:10:46]} 34. Nxf4 {[%clk 0:06:07]} Rxd2 {[%clk 0:07:14]} 35. Qxd2 {[%clk
0:06:36]} Re4 {[%clk 0:07:38]} 36. Qd5 {[%clk 0:06:34]} 1-0

[Event "LOTTO Polish Championship"]
[Site "chess24.com"]
[Date "2019.05.14"]
[Round "4"]
[White "Heberla, Bartlomiej"]
[Black "Janik, Igor"]
[Result "0-1"]
[Board "2"]
[WhiteElo "2556"]
[WhiteTitle "GM"]
[WhiteCountry "POL"]
[WhiteFideId "1115120"]
[WhiteEloChange "-6"]
[BlackElo "2469"]
[BlackTitle "IM"]
[BlackCountry "POL"]
[BlackFideId "1159259"]
[BlackEloChange "6"]

1. e4 {[%clk 1:30:59]} c6 {[%clk 1:30:53]} 2. d4 {[%clk 1:31:23]} d5 {[%clk
1:31:17]} 3. exd5 {[%clk 1:31:49]} cxd5 {[%clk 1:31:40]} 4. c4 {[%clk 1:32:15]}
Nf6 {[%clk 1:32:00]} 5. Nc3 {[%clk 1:32:40]} Nc6 {[%clk 1:32:23]} 6. Nf3 {[%clk
1:32:59]} Bg4 {[%clk 1:32:46]} 7. cxd5 {[%clk 1:32:51]} Nxd5 {[%clk 1:33:11]} 8.
Qb3 {[%clk 1:33:14]} Bxf3 {[%clk 1:33:36]} 9. gxf3 {[%clk 1:33:38]} e6 {[%clk
1:34:02]} 10. Qxb7 {[%clk 1:33:35]} Nxd4 {[%clk 1:34:27]} 11. Bb5+ {[%clk
1:33:53]} Nxb5 {[%clk 1:34:52]} 12. Qc6+ {[%clk 1:34:04]} Ke7 {[%clk 1:35:16]}
13. Qc5+ {[%clk 1:34:20]} Nd6 {[%clk 1:35:41]} 14. Nxd5+ {[%clk 1:34:24]} Kd7
{[%clk 1:36:06]} 15. Nc3 {[%clk 1:29:17]} Qb6 {[%clk 1:36:18]} 16. Qe5 {[%clk
1:19:16]} Be7 {[%clk 1:19:57]} 17. Qe2 {[%clk 1:14:58]} Bf6 {[%clk 1:17:39]} 18.
Bf4 {[%clk 1:07:12]} Bxc3+ {[%clk 1:12:08]} 19. bxc3 {[%clk 1:07:29]} e5 {[%clk
1:10:52]} 20. Be3 {[%clk 1:04:30]} Qb5 {[%clk 1:10:38]} 21. Qc2 {[%clk 0:51:50]}
Rhc8 {[%clk 1:01:08]} 22. Rd1 {[%clk 0:50:29]} g6 {[%clk 1:00:59]} 23. Rd3 {[%clk
0:49:18]} Ke6 {[%clk 0:58:44]} 24. O-O {[%clk 0:49:20]} Nf5 {[%clk 0:55:43]} 25.
Qd2 {[%clk 0:34:09]} Qc6 {[%clk 0:53:26]} 26. Re1 {[%clk 0:10:48]} f6 {[%clk
0:45:48]} 27. Bf4 {[%clk 0:10:34]} g5 {[%clk 0:40:41]} 28. Bg3 {[%clk 0:09:12]}
h5 {[%clk 0:31:17]} 29. Qe2 {[%clk 0:07:07]} Re8 {[%clk 0:29:31]} 30. h3 {[%clk
0:05:06]} Qc5 {[%clk 0:27:19]} 31. Bh2 {[%clk 0:05:03]} Rad8 {[%clk 0:25:02]} 32.
Red1 {[%clk 0:04:50]} Rxd3 {[%clk 0:25:10]} 33. Rxd3 {[%clk 0:02:37]} Rb8 {[%clk
0:24:31]} 34. Rd1 {[%clk 0:01:50]} Qc6 {[%clk 0:24:14]} 35. Bg3 {[%clk 0:00:49]}
Rb7 {[%clk 0:21:35]} 36. c4 {[%clk 0:00:51]} Rb4 {[%clk 0:19:44]} 37. Rd5 {[%clk
0:00:36]} Nxg3 {[%clk 0:18:30]} 38. fxg3 {[%clk 0:01:03]} Rxc4 {[%clk 0:18:51]}
39. Rd2 {[%clk 0:01:16]} Rc3 {[%clk 0:17:58]} 40. Kf2 {[%clk 0:30:46]} Rc1 {[%clk
0:45:06]} 41. Rd1 {[%clk 0:26:25]} Qc5+ {[%clk 0:42:18]} 42. Kg2 {[%clk 0:25:36]}
Rc2 {[%clk 0:42:35]} 43. Rd2 {[%clk 0:25:56]} Rxd2 {[%clk 0:35:18]} 44. Qxd2
{[%clk 0:26:24]} g4 {[%clk 0:35:35]} 45. fxg4 {[%clk 0:26:10]} hxg4 {[%clk
0:35:56]} 46. Qe2 {[%clk 0:26:08]} Qd5+ {[%clk 0:34:33]} 47. Kh2 {[%clk 0:25:08]}
gxh3 {[%clk 0:34:24]} 48. Kxh3 {[%clk 0:23:40]} a5 {[%clk 0:33:55]} 49. Kh2
{[%clk 0:15:48]} Ke7 {[%clk 0:33:41]} 50. a4 {[%clk 0:15:31]} Qb3 {[%clk
0:31:02]} 51. Qe4 {[%clk 0:14:32]} Qb2+ {[%clk 0:29:04]} 52. Kh3 {[%clk 0:14:31]}
Qb6 {[%clk 0:27:32]} 53. g4 {[%clk 0:10:11]} Kf8 {[%clk 0:25:07]} 54. Kh4 {[%clk
0:06:15]} Kg7 {[%clk 0:23:20]} 55. Kh5 {[%clk 0:04:55]} Qe6 {[%clk 0:22:57]} 56.
Qg6+ {[%clk 0:04:06]} Kf8 {[%clk 0:23:22]} 57. Qe4 {[%clk 0:03:53]} Qf7+ {[%clk
0:23:08]} 58. Kh4 {[%clk 0:04:19]} Kg7 {[%clk 0:23:11]} 59. Qd3 {[%clk 0:02:09]}
Qa2 {[%clk 0:22:04]} 60. Qd7+ {[%clk 0:01:26]} Kh6 {[%clk 0:22:29]} 61. Kg3
{[%clk 0:01:28]} Qb3+ {[%clk 0:22:34]} 62. Kh4 {[%clk 0:01:32]} Qc2 {[%clk
0:22:55]} 63. Kg3 {[%clk 0:01:43]} Qc3+ {[%clk 0:23:11]} 64. Kh4 {[%clk 0:01:29]}
Qe1+ {[%clk 0:23:30]} 65. Kh3 {[%clk 0:01:56]} Qf1+ {[%clk 0:23:16]} 66. Kg3
{[%clk 0:01:40]} Qf4+ {[%clk 0:23:41]} 67. Kh3 {[%clk 0:01:28]} Qf3+ {[%clk
0:23:03]} 68. Kh2 {[%clk 0:01:57]} e4 {[%clk 0:19:00]} 69. Qd5 {[%clk 0:01:58]}
Qf4+ {[%clk 0:17:44]} 70. Kh3 {[%clk 0:01:29]} Qe5 {[%clk 0:18:09]} 71. Qxe5
{[%clk 0:00:32]} fxe5 {[%clk 0:18:33]} 72. Kg2 {[%clk 0:00:59]} Kg5 {[%clk
0:18:57]} 73. Kg3 {[%clk 0:01:28]} e3 {[%clk 0:19:16]} 74. Kf3 {[%clk 0:01:57]}
e2 {[%clk 0:19:42]} 75. Kxe2 {[%clk 0:02:24]} Kxg4 {[%clk 0:20:11]} 76. Ke3
{[%clk 0:02:49]} Kf5 {[%clk 0:20:38]} 77. Kf3 {[%clk 0:02:37]} Ke6 {[%clk
0:21:04]} 0-1